000 00558nam a2200229Ia 4500
003 OSt
005 20220924140653.0
006 a|||||r|||| 00| 0
007 ta
008 220923b |||||||| |||| 00| 0 ben d
024 _a295883
037 _cTextual
040 _aARTS
_cARTS
_bben
041 _2ben
_aben
082 _aO157,3N042,38, K9
100 _aMitra
245 0 _aParashar ebar jahuri
260 _c1969
650 _aBENGALI LITERATURE
942 _hO157,3N042,38, K9
_cTEXL
_2CC
999 _c445025
_d445025